Loading...
Arts - Music | 1 | 3 | 0 | 0 | 45 | 31 | 83.00 | 1 | 2 |
Thought - Social Science | 1 | 3 | 1 | 1 | 40 | 43 | 82.50 | 1 | 3 |
Thought - Philosophy | 0 | 4 | 0 | 1 | 40 | 87 | 113.25 | 0 | 1 |
History - Euro History | 0 | 4 | 1 | 2 | 35 | 74 | 100.00 | 1 | 3 |
History - American History | 1 | 2 | 0 | 1 | 35 | 26 | 76.33 | 2 | 2 |
Arts - Painting | 0 | 3 | 0 | 1 | 30 | 95 | 116.67 | 0 | 2 |
History - Other History | 1 | 2 | 1 | 1 | 30 | 61 | 87.33 | 1 | 2 |
Arts - Other Arts | 0 | 3 | 1 | 0 | 25 | 111 | 120.33 | 0 | 0 |
Other - Other Academic | 1 | 1 | 0 | 0 | 25 | 63 | 79.50 | 0 | 1 |
Other - Geo/CE | 1 | 1 | 1 | 1 | 20 | 59 | 98.00 | 0 | 1 |
Literature - Euro Lit | 0 | 1 | 0 | 0 | 10 | 78 | 78.00 | 1 | 1 |
Literature - British Lit | 0 | 1 | 0 | 0 | 10 | 134 | 134.00 | 0 | 0 |
Beliefs - Religion | 0 | 1 | 0 | 0 | 10 | 102 | 102.00 | 0 | 0 |
Other - Pop Culture | 0 | 1 | 0 | 0 | 10 | 124 | 124.00 | 0 | 0 |
Science - Biology | 0 | 1 | 0 | 0 | 10 | 84 | 84.00 | 0 | 1 |
Literature - American Lit | 0 | 0 | 1 | 0 | -5 | 0.00 | 0 | 0 |